Irlanti-visa - Statistics

Yleistilastot
  • Tätä visaa on pelattu 584 kertaa
  • Keskiarvotulos 7 / 20
Vastaustilastot
Vihje Vastaus % Oikein
Pääkaupunki Dublin
100%
Irlantia symboloiva kasvi Apilanlehti
80%
Irlannin suojeluspyhimys Pyhä Patrick
69%
Suurin lentoyhtiö, tunnetaan matalista hinnoistaan Ryanair
63%
Myydyin irlantilainen olut Guinness
58%
Suosittu irlantilainen rockyhtye U2
55%
Instrumentti vaakunassa Harppu
53%
Irlanti iiriksi Éire
52%
Toiseksi suurin kaupunki Cork
48%
Kaupunki ja runotyyppi Limerick
31%
Muinaisen kelttiläisen uskon "pappi" Druidi
30%
"Odysseuksen" kirjoittaja James Joyce
23%
Vuonna 1592 perustettu maan vanhin yliopisto {Trinity} College
18%
Kaupunki, joka tunnetaan samannimisistä kristalleistaan Waterford
14%
Käsite, jolla on kuvattu Irlannin nopeaa taloudellista nousua 2000-luvun alkupuolella Kelttiläinen tiikeri
12%
Pisin joki Shannon
11%
"Irlantilainen nurmipallo" Hurling
10%
Kanaali Irlannin ja Walesin välissä Pyhän Yrjön kanaali
8%
Kivi, jota turistit suutelevat Blarneyn kivi
7%
Historiallinen Irlannin provinssi maan itäosassa Leinster
5%
Ehtoja vastaavia visoja ei löytynyt
Tulosjakauma
Jokaisen tuloksen saaneiden osuus
Persentiili vastausten määrän mukaan
Tuloshistoriasi
Et ole pelannut tätä visaa